Music Quiz

Random Music or Song Quiz

Wasting Time in the '80s Quiz Stats

 Plays Quiz Updated May 10, 2018

Challenge
Share
Tweet
Embed
Score 0/24 Timer 05:00
0 Plays Today
% Correct
Livin' on a Prayer
91.9%
Sexual Healing
84.5%
Free Fallin'
82.4%
We Built This City
81.1%
Walking on Sunshine
80.7%
Saving All My Love For You
77.5%
Dancing in the Dark
77.3%
The Safety Dance
73.6%
Dancing on the Ceiling
71.9%
Burning Down the House
70.2%
Dancing With Myself
68.4%
Waiting For a Girl Like You
65.2%
% Correct
Hangin' Tough
64.7%
Breaking the Law
60.9%
Working For the Weekend
57.8%
Turning Japanese
57.1%
Puttin' on the Ritz
53.5%
Burnin' For You
53%
Crumblin' Down
44.3%
Throwing It All Away
43.7%
Watching the Wheels
41.5%
Waiting on a Friend
41.2%
What Difference Does It Make?
36.7%
Causing a Commotion
35.3%

You're not logged in!

Compare scores with friends on all Sporcle quizzes.
OR
Log In

You Might Also Like...

Show Comments

Extras

Top Quizzes Today


Score Distribution

Your Account Isn't Verified!

In order to create a playlist on Sporcle, you need to verify the email address you used during registration. Go to your Sporcle Settings to finish the process.

Report this User

Report this user for behavior that violates our Community Guidelines.

Details: